Language Quiz

Random Language or Spanish Quiz

Spanish Verbs Quiz Stats

 Plays Quiz not verified by Sporcle

Also try: Generonyms
Challenge
Share
Tweet
Embed
Score 0/16 Timer 10:00
0 Plays Today
Hint Answer % Correct
Voy???
100%
Traigo???
22.2%
Caigo???
22.2%
Doy???
22.2%
Hago???
22.2%
Digo???
22.2%
Tengo???
22.2%
Oigo???
22.2%
Hint Answer % Correct
Pongo???
22.2%
Veo???
22.2%
Salgo???
11.1%
Vengo???
11.1%
Se???
0%
Esoty???
0%
Conozco???
0%
Soy???
0%

You're not logged in!

Compare scores with friends on all Sporcle quizzes.
OR
Log In

You Might Also Like...

Show Comments

Extras

Created Feb 9, 2012ReportNominate
Tags:Spanish Quiz, verb

Top Quizzes Today


Score Distribution

Your Account Isn't Verified!

In order to create a playlist on Sporcle, you need to verify the email address you used during registration. Go to your Sporcle Settings to finish the process.

Report this User

Report this user for behavior that violates our Community Guidelines.

Details: